000 01621nam a2200313 a 4500
999 _c399723
_d399723
003 BLK
005 20240620005258.0
008 210302b bu |||||r|||| 00| | bu d
020 _a9789540914404
040 _aBLK
041 _aBUL
_cBUL
080 _aБългарска литература
_b821.163.2
_x.09
_z821.163.2.09
100 1 _aАнчев, Панко Кирилов
_d1946 -
_gЛитературовед, историк, философ, публицист.
_932971
139 _aАнчев, Панко Кирилов
_bА 77
245 _aИдеите в литературния процес
_bБългарската литература в Модерната епоха
_cПанко Анчев
257 _aBGR
260 _9209473
_aСофия
_bЗахарий Стоянов
_c2020
_f([София] : Миг принт)
_n978-954-739- ; 978-954-09- ; 954-9559-
300 _a367 с.
_c22 см
380 _a82
500 _aПреносно литературно-критическо изследване / Иван Гранитски: с. 361-366. - Иван Гранитски - псевд. на авт. на доп. материал Иван Йорданов Димитров. - Биогр. данни за авт.
650 0 _aБългарска литература - история и критика
_9287605
653 7 _9190005
_aлитературознание
852 _aЦб 306481
_bЦб
852 _bП
_c821.163.2.09/А 77 П
942 _cKNG
_n0
_s1
944 _aCR
_c2021-03-02
_k
_lCRON CRON
944 _aED
_c2021-11-02
_kГГГ
999 _d399723